LEADER 01341oam 2200433zu 450 001 9910141075603321 005 20241212220123.0 010 $a9781457709531 010 $a1457709538 035 $a(CKB)2670000000120664 035 $a(SSID)ssj0000669698 035 $a(PQKBManifestationID)12289638 035 $a(PQKBTitleCode)TC0000669698 035 $a(PQKBWorkID)10709399 035 $a(PQKB)10159060 035 $a(NjHacI)992670000000120664 035 $a(EXLCZ)992670000000120664 100 $a20160829d2011 uy 101 0 $aeng 135 $aur||||||||||| 181 $ctxt 182 $cc 183 $acr 200 10$a2011 International Workshop on Requirements Engineering for Electronic Voting Systems 210 31$a[Place of publication not identified]$cIEEE$d2011 215 $a1 online resource 300 $aBibliographic Level Mode of Issuance: Monograph 311 08$a9781457709517 311 08$a1457709511 606 $aElectronic voting$vCongresses 615 0$aElectronic voting 676 $a324.6/5 702 $aIEEE Staff 712 02$aInstitute of Electrical and Electronics Engineers, 801 0$bPQKB 906 $aPROCEEDING 912 $a9910141075603321 996 $a2011 International Workshop on Requirements Engineering for Electronic Voting Systems$92515677 997 $aUNINA